期刊信息 |
| 索取号 |
H31/ENCO
|
| 题名 |
Encounter
|
| 作者 |
|
| 分册号 |
|
| 分册名 |
|
| 出版地 |
|
| 出版者 |
|
| 标准刊号 |
|
| 出版频率 |
月刊
|
| 中图法分类 |
H31
|
| 主题词 |
英语
|
| 电子资源 | |
| |
|
| 000 | 00311nas0 2200145 45 | |
| 001 | 0734230047 | |
| 005 | 20160510111155.74 | |
| 100 | @a20070904d km y0chiy0120 ea | |
| 101 | 0 | @aeng |
| 200 | 1 | @aEncounter |
| 326 | @a月刊 | |
| 606 | 0 | @a英语 |
| 690 | @aH31@v4 | |
| 801 | 0 | @aCN@bPFT@c20070904 |
| 905 | @a213230@dH31@eENCO | |
| Encounter |
| ● |
| 相关链接: |
|
|
|
|